Statistiques concernant À quel album de Taylor Swift appartient cette chanson ?

Cliquez ici pour prendre le quiz!

Statistiques générales

  • Ce quiz a été pris 121 fois
  • Le résultat moyen est 45 sur 55

Statistiques - réponses

HintRéponse% Correct
22Red
97%
Out of The Woods1989
96%
Midnight RainMidnights
96%
Getaway carReputation
95%
Style1989
94%
Our SongDebut
94%
All too wellRed
94%
Cruel SummerLover
93%
Don't blame meReputation
93%
Now that we dont talk1989
92%
Welcome to New York1989
92%
The archerLover
92%
King of my heartReputation
92%
End gameReputation
92%
I did domething badReputation
92%
Picture to burnDebut
91%
After glowLover
91%
London BoyLover
91%
LabyrinthMidnights
91%
EnchantedSpeak Now
91%
Long LiveSpeak Now
91%
You need to calm downLover
90%
Wonderland1989
89%
Champagne problemsEvermore
89%
MirrorballFolklore
89%
MineSpeak now
89%
BettyFolklore
88%
CardiganFolklore
88%
HauntedSpeak now
88%
Gold RushEvermore
87%
SevenFolklore
87%
White horseFearless
86%
Call it what you wantReputation
86%
I wish you would1989
84%
Sweet NothingMidnights
84%
This love1989
82%
DorotheaEvermore
82%
Bigger than the whole skyMidnights
81%
Hey StephenFearless
80%
The way I loved YouFearless
79%
Dear ReaderMidnights
73%
GlitchMidnights
73%
A place in this worldDebut
70%
Mad WomanFolklore
70%
TreacherousRed
69%
Long Story ShortEvermore
68%
The moment I knewRed
68%
Cold as youDebut
65%
HappinessEvermore
65%
Begin AgainRed
62%
Never grow upSpeak now
61%
Stay beautifulDebut
54%
StarlightRed
54%
ChangeFearless
52%
SuperstarFearless
45%

Distribution des résultats

Percentile par nombre de réponses

% des personnes avec chaque résultat

Votre développement - résultats

Vous n’avez pas pris ce quiz